00788nam a2200265Ia 4500008004000000020001800040041000800058082001600066100001900082245006700101260004900168300001200217650001100229650000800240650000800248650001500256650001300271650001600284650001300300650001100313690001600324906001100340999001900351952015200370210210b2008 xxu||||| |||| 00| 0 eng d a9780240809632 aeng a778.59 WRIC aWRIGHT (Steve) aCompositing visual effects: essentials for the aspiring artist aAmsterdambElsevier Publishers Limitedc2008 axiv,248 avisual athe afor aessentials aeffects: aCompositing aaspiring aartist aPhotography a064926 c141781d141781 001040708Fine ArtsaALbALcFine Artd2021-02-17eIntact Bookhouse Pvt Ltdg1726.53l0o778.59 WRICp064926r2021-02-17 00:00:00w2021-02-17yBK